MARC

LEADER 00000nam0a2200000 4500
001 255406
005 20231101233025.0
035 |a (RuTPU)RU\TPU\book\277914 
090 |a 255406 
100 |a 20140328d1989 k y0rusy50 ca 
101 0 |a rus 
102 |a RU 
105 |a a z 001zy 
200 1 |a Палеонтологическое обоснование расчленения и корреляции фанерозойских отложений Европейского Севера СССР  |f Академия наук СССР (АН СССР), Коми филиал, Институт геологии (ИГ) ; отв. ред. В. А. Молин 
210 |a Сыктывкар  |c Изд-во Коми научного центра УрО АН СССР  |d 1989 
215 |a 94 с.  |c ил. 
225 1 |a Труды института геологии Коми НЦ УрО АН СССР  |v Вып. 71 
320 |a Библиогр. в конце текста 
606 1 |a Палеонтология  |2 stltpush  |3 (RuTPU)RU\TPU\subj\47998  |9 66880 
606 1 |a Палеозойские отложения  |2 stltpush  |3 (RuTPU)RU\TPU\subj\47983  |9 66866 
610 1 |a корреляция 
610 1 |a фанерозойские отложения 
610 1 |a Север СССР 
610 1 |a биостратиграфия 
610 1 |a стратиграфия 
675 |a 56  |v 3 
675 |a 551.73/78  |v 3 
702 1 |a Молин  |b В. А.  |4 340 
712 0 2 |a Академия наук СССР (АН СССР)  |b Коми филиал  |b Институт геологии (ИГ)  |c (Сыктывкар)  |c (1958-1987)  |2 stltpush  |3 (RuTPU)RU\TPU\col\11375 
801 1 |a RU  |b 63413507  |c 20140328 
801 2 |a RU  |b 63413507  |c 20150317  |g RCR 
942 |c BK